000 01358nam a2200253Ia 4500
999 _c35773
_d35773
001 1656
003 GE_BSU
005 20190610180922.0
008 181216s2011||||ge |||||||||||||| ||geo||
020 _a9789941412745
040 _cGE_BSU
041 _ageo
080 _a004.42(075.8) ხ–54
100 _aხინიკაძე, თენგიზ
_91838
245 _aკოპიუტერიული ტექნოლოგიები :
_bელექტრონული ცხრილი MS Excel /
_cთ. ხინიკაძე, ზ. სურმანიძე ; რედ.: გულადი ფარტენაძე, ნუგზარ ღომიძე.
264 _aბათუმი :
_bშოთა რუსთაველის სახელმწ. უნ-ტის გამ-ბა,
_c2011.
300 _a142 გვ. :
_b სურ., ცხრ. ;
_c19 სმ.
653 _aკომპიუტერული ტექნოლოგიები
653 _aელექტრონული ცხრილები
700 _aსურმანიძე, ზებურ
_eავტორი
_92332
700 _aფარტენაძე, გულადი
_eრედაქტორი
_92333
700 _aღომიძე, ნუგზარ
_eრედაქტორი
_91751
942 _cBK
_2udc